Understanding youth work law
Պահպանված է:
| Հիմնական հեղինակ: | |
|---|---|
| Ձևաչափ: | Գիրք |
| Լեզու: | անգլերեն |
| Հրապարակվել է: |
SAGE
2014
|
| Ցուցիչներ: |
Ավելացրեք ցուցիչ
Չկան պիտակներ, Եղեք առաջինը, ով նշում է այս գրառումը!
|
MARC
| LEADER | 00000nam a22000007a 4500 | ||
|---|---|---|---|
| 008 | 210412b ||||| |||| 00| 0 eng d | ||
| 020 | |a 978-1-4462-0186-2 | ||
| 100 | |a McGINLEY, Brian P. | ||
| 245 | |a Understanding youth work law |c Brian P. McGinley |g viii; 204p. | ||
| 260 | |b SAGE |c 2014 |h Los Angeles |i 692431 |i 692432 |l KD3305 .M17 |m Youth workers – Legal status, laws, etc. – Great Britain. | ||
| 500 | |a “It includes references and index” | ||
| 942 | |a lcc |c BK |e YUNUSA, A.A. |f 12/4/21 | ||
| 952 | |0 0 |1 0 |2 lcc |4 0 |6 KD3305 M17 |7 0 |9 2106 |a HOL |b LL |d 2021-04-12 |l 0 |o KD3305 .M17 |r 2021-04-12 00:00:00 |w 2021-04-12 |y BK | ||
| 952 | |0 0 |1 0 |2 lcc |4 0 |7 0 |9 2107 |a HOL |b HOL |d 2021-04-12 |o KD3305 .M17 |p 2021-5962 |r 2021-04-12 00:00:00 |w 2021-04-12 |y BK | ||
| 999 | |c 1093 |d 1093 | ||